Obras

Guardado en:
Detalles Bibliográficos
Autor principal: Benjamin, Walter 1892-1940 (Autor)
Formato: Libro
Lenguaje:español
Publicado: Madrid Abada 2007
Edición:2a. ed
Materias:
Etiquetas: Agregar Etiqueta
Sin Etiquetas, Sea el primero en etiquetar este registro!

MARC

LEADER 00000cam a2200000 a 4500
001 UCH5876
003 CL-VaPUC
008 091105e20070000SP |||||||||||||||||spa|d
020 |a 9788496258617o.c 
082 0 4 |a 193  |b BEN  |2 21 
100 |a Benjamin, Walter  |d 1892-1940  |e author  |9 269121 
245 1 0 |a Obras 
250 |a 2a. ed 
300 |a 4 v 
942 |c BK 
945 |d 20091105 00:00:00  |a rbrito 
260 |a Madrid  |b Abada  |c 2007 
500 |a t.1 v.1: El concepto de crítica de arte en el romanticismo alemán;Las Afinidades electivas de Goethe; El origen del Trauerspiel alemán 
500 |a t.1 v.2: La obra de arte en la época de su reproductibilidad técnica; Charles Baudelaire. un lírico en la época del altocapitalismo; Sobre el concepto de historia 
500 |a t.2 v.1: Primeros trabajos de crítica de la educación y de la cultura; Estudios metafísicos y de filosofía de la historia; Ensayos literarios y estéticos 
500 |a t.2 v.2: Ensayos estéticos y literarios; Fragmentos estéticos; Conferencias y discursos; Artículos de enciclopedia; artículos de política cultural 
500 |a t.4 v.1: Charles Baudelaire, Tableaux parisiens; Calle de dirección única; Alemanes; Infancia en Berlín hacia el mil novecientos; Imágenes que piensan, sátiras, polémicas, glosas; Reportajes 
650 0 |a Filosofía alemana   |9 265002 
650 7 |a ROMANTICISMO EN LA FILOSOFIA  |2 CL-VaPUC  |9 542266 
650 0 |a Metafísica  |9 265649 
650 0 |a Filosofía de la historia  |9 265651 
650 0 |a Estética   |9 264950 
650 0 |a Política  |9 255312 
583 |a last modification  |c 20130322 11:12:05  |k Rodrigo Vera 
999 |c 336911  |d 336909 
952 |0 0  |1 0  |4 0  |6 193_000000000000000_BEN_2007  |7 0  |8 X  |9 428972  |a BIBART  |b BIBART  |d 2019-11-22  |h t.1 v.1  |i 4613767  |o 193 BEN 2007  |p 4613767  |r 2025-03-13  |w 2019-11-22  |y BK_X  |k ART 
952 |0 0  |1 0  |4 0  |6 193_000000000000000_BEN_2007  |7 0  |8 X  |9 428973  |a BIBART  |b BIBART  |d 2019-11-22  |h t.1 v.2  |i 4613775  |l 3  |o 193 BEN 2007  |p 4613775  |r 2025-03-13  |s 2023-09-20  |w 2019-11-22  |y BK_X  |k ART 
952 |0 0  |1 0  |4 0  |6 193_000000000000000_BEN_2007  |7 0  |8 X  |9 428974  |a BIBART  |b BIBART  |d 2019-11-22  |h t.2 v.1  |i 4613783  |o 193 BEN 2007  |p 4613783  |r 2025-03-13  |w 2019-11-22  |y BK_X  |k ART 
952 |0 0  |1 0  |4 0  |6 193_000000000000000_BEN_2007  |7 0  |8 X  |9 428975  |a BIBART  |b BIBART  |d 2019-11-22  |h t.2 v.2  |i 4613791  |o 193 BEN 2007  |p 4613791  |r 2025-03-13  |w 2019-11-22  |y BK_X  |k ART 
952 |0 0  |1 0  |4 0  |6 193_000000000000000_BEN_2007  |7 0  |8 X  |9 428976  |a BIBART  |b BIBART  |d 2019-11-22  |h t.4  |i 4954173  |l 2  |o 193 BEN 2007  |p 4954173  |r 2025-03-13  |s 2022-05-17  |w 2019-11-22  |y BK_X  |k ART